000 00641nam a2200241Ia 4500
005 20260430150128.0
008 008 250103s9999 xx 000 0 eng d
037 _aTheses
040 _aCRL
040 _beng
040 _ceng
041 _2eng
041 _aeng
084 _qCRL
100 _aDinesh Au.; Chawla Alka Gu.
_91236545
245 0 _aAdministrative justice and its reform: Replacing administrative tribunals by administrative courts
260 _c2021
300 _a333p.
650 _aCommerce
700 _aUniversity of Delhi. Faculty of Law. Department of Law
942 _cTH
999 _c1849016
_d1849016